[Event "Foxwoods Open"]
[Site "Connecticut"]
[Date "2000.04.22"]
[Round "5"]
[White "Epishin, Vladimir"]
[Black "Kudrin, Sergey"]
[Result "1/2-1/2"]
[WhiteElo "2677"]
[BlackElo "2580"]
[PlyCount "72"]
[EventDate "2000.??.??"]

1. Nf3 g6 2. c4 Bg7 3. e4 c5 4. d4 Qb6 5. dxc5 Qxc5 6. Be2 d6 7. O-O Bg4 8.
Nfd2 Bxe2 9. Qxe2 Nd7 10. Nb3 Qc6 11. f3 Nb6 12. Na3 Nf6 13. Be3 O-O 14. Nd4
Qc8 15. Rac1 Nbd7 16. Nb1 a6 17. Nc3 e6 18. Rfd1 Qc7 19. b3 Rfd8 20. Qf2 Rac8
21. Nde2 Qb8 22. a4 Qc7 23. h3 Bf8 24. Rb1 Re8 25. Bd4 Bg7 26. Be3 Bf8 27. Bd4
Bg7 28. Kh1 Rcd8 29. Be3 Rc8 30. Bd4 Rcd8 31. Be3 Rc8 32. Rd2 Bf8 33. Rbd1 Nc5
34. Rb1 Ncd7 35. Rbd1 Nc5 36. Rb1 36... Ncd7 {draw by threefold repitition}
1/2-1/2

[Event "Foxwoods Open"]
[Site "Connecticut"]
[Date "2000.04.23"]
[Round "5"]
[White "Hebert, Jean"]
[Black "Zapata, Alonso"]
[Result "*"]
[WhiteElo "2454"]
[BlackElo "2607"]
[PlyCount "22"]
[EventDate "2000.??.??"]

1. d4 Nf6 2. c4 g6 3. Nc3 Bg7 4. e4 d6 5. f3 O-O 6. Bg5 c5 7. d5 e6 8. Qd2 exd5
9. cxd5 a6 10. a4 Nbd7 11. Nh3 h6 *

[Event "Foxwoods Open"]
[Site "Connecticut"]
[Date "2000.04.23"]
[Round "5"]
[White "Garcia, Gildardo"]
[Black "Benjamin, Joel"]
[Result "0-1"]
[WhiteElo "2550"]
[BlackElo "2670"]
[PlyCount "118"]
[EventDate "2000.??.??"]

1. e4 g6 2. d4 Bg7 3. Nf3 d6 4. Bc4 Nf6 5. Qe2 O-O 6. O-O Bg4 7. e5 Ne8 8. Rd1
Qc8 9. Bg5 Nc6 10. Bd5 h6 11. Bh4 g5 12. Bg3 Nb4 13. Bb3 c6 14. Nbd2 Qf5 15. h3
Bh5 16. Bh2 g4 17. hxg4 Bxg4 18. Rac1 Rd8 19. a3 Nd5 20. c4 Nf4 21. Qe3 dxe5
22. Bc2 Qh5 23. dxe5 Ng6 24. Re1 Nc7 25. Qxa7 Ne6 26. Qe3 Rd7 27. Be4 Rfd8 28.
b4 Bf5 29. Bg3 Bxe4 30. Nxe4 Rd3 31. Qb6 Ngf4 32. Bxf4 Nxf4 33. Ng3 Qg4 34. Nh2
Qg6 35. Rc3 Rd1 36. Rce3 R8d3 37. Nf3 Rxe1+ 38. Rxe1 Rxa3 39. Qxb7 h5 40. Qc8+
Bf8 41. b5 cxb5 42. cxb5 Ra2 43. e6 Nxe6 44. b6 Qc2 45. Qxc2 Rxc2 46. Rb1 Rc8
47. Ne5 Nd8 48. Nd7 Nb7 49. Ne4 Bg7 50. Rb5 Rc1+ 51. Kh2 Rd1 52. Ne5 Bxe5+ 53.
Rxe5 Kf8 54. Rxh5 Rb1 55. Rh6 Kg7 56. Rc6 Nd8 57. Rc8 Nb7 58. Rc6 Na5 59. Nc3
59... Rb3 {Black eventually won on time} 0-1

[Event "Foxwoods Open"]
[Site "Connecticut"]
[Date "2000.04.22"]
[Round "5"]
[White "Karklins, Andrew"]
[Black "Steigman, A.J.."]
[Result "0-1"]
[WhiteElo "2350"]
[BlackElo "2247"]
[PlyCount "112"]
[EventDate "2000.??.??"]

1. e4 c5 2. Nf3 d6 3. d4 cxd4 4. Nxd4 Nf6 5. Nc3 g6 6. g3 Bg7 7. Bg2 O-O 8. h3
Nc6 9. Nxc6 bxc6 10. e5 dxe5 11. Qxd8 Rxd8 12. Bxc6 Rb8 13. f3 Bf5 14. Rh2 Rd6
15. Be4 Nxe4 16. fxe4 Be6 17. a4 f5 18. Ra3 a6 19. a5 Bf6 20. Na4 f4 21. gxf4
Bh4+ 22. Ke2 Bc4+ 23. Kf3 Rd1 24. Nb6 Be6 25. Bd2 exf4 26. Ke2 Rb1 27. Bxf4 Rf8
28. Be5 Re1+ 29. Kd2 Rxe4 30. Re2 Rd8+ 31. Rd3 Bg5+ 32. Kc3 Rxd3+ 33. Kxd3 Rh4
34. c4 Bf5+ 35. Kc3 Rxh3+ 36. Kd4 h5 37. b4 Rb3 38. Kc5 Be3+ 39. Bd4 Bxd4+ 40.
Kxd4 Rxb4 41. Rxe7 h4 42. Nd5 Rb1 43. Nf6+ Kf8 44. Ra7 h3 45. Nh7+ Ke8 46. Nf6+
Kd8 47. Rh7 g5 48. Rh8+ Ke7 49. Ke5 Rf1 50. Nd5+ Kd7 51. Rh6 g4 52. c5 g3 53.
c6+ Ke8 54. c7 g2 55. Rh8+ Kf7 56. Rh6 g1=Q 0-1

[Event "Foxwoods Open"]
[Site "Connecticut"]
[Date "2000.04.23"]
[Round "6"]
[White "Blatny, Pavel"]
[Black "Koenig, David"]
[Result "1-0"]
[WhiteElo "2590"]
[BlackElo "2251"]
[Annotator "Blatny, P"]
[PlyCount "57"]
[EventDate "2000.??.??"]

1. Nf3 d5 2. b3 Nf6 3. Bb2 c5 4. e3 a6 5. d4 Nc6 6. Nbd2 e6 7. a3 Be7 8. Bd3
O-O 9. Ng5 cxd4 10. exd4 Ne4 11. Ngxe4 dxe4 12. Bxe4 Nxd4 13. Nc4 Bf6 14. Qd3
$1 14... Nf5 15. O-O-O $1 15... Bxb2+ 16. Kxb2 Qf6+ 17. Qc3 Qxc3+ 18. Kxc3 Rb8
19. Nb6 (19. Bxf5 $5 19... exf5 20. Nb6 Be6 21. Rd6 $18 { }) 19... e5 20. Kb4
Be6 21. Nd7 Bxd7 22. Rxd7 Nd4 23. c3 23... Rfd8 $2 (23... Nc6+ 24. Bxc6 bxc6+
25. Kc4 $18 { }) (23... Ne6 $8 24. Bd5 $16) 24. Rxd8+ Rxd8 25. Bxb7 25... Nxb3
$2 (25... Rb8 $8 26. cxd4 Rxb7+ 27. Ka4 exd4 28. Rd1 (28. Rc1 Rb8) 28... Rd7
29. Ka5 Rd6 30. Rd3 Kf8 31. Kb4 Ke7 32. Kc5 $18) 26. Bxa6 Rb8+ 27. Bb5 Nd2 28.
Re1 f6 29. a4 1-0

[Event "Foxwoods Open"]
[Site "Connecticut"]
[Date "2000.04.23"]
[Round "6"]
[White "Kaufman, Larry"]
[Black "Araque, Rafael"]
[Result "1-0"]
[WhiteElo "2463"]
[BlackElo "2309"]
[PlyCount "89"]
[EventDate "2000.??.??"]

1. Nf3 d5 2. d4 Nf6 3. c4 c6 4. Nc3 dxc4 5. a4 Bg4 6. Ne5 Bh5 7. g3 e6 8. Bg2
Be7 9. O-O a5 10. Nxc4 Na6 11. h3 Nb4 12. g4 Bg6 13. e4 Nd7 14. f4 f6 15. Be3
O-O 16. Qe2 Re8 17. Rad1 Bf7 18. Kh1 Bf8 19. b3 Rb8 20. Bg1 Qc7 21. f5 exf5 22.
Bh2 Qd8 23. Bxb8 Qxb8 24. gxf5 Nd5 25. Qf3 Nxc3 26. Qxc3 Bb4 27. Qc2 b5 28. Ne3
c5 29. d5 Bh5 30. Bf3 Bxf3+ 31. Rxf3 bxa4 32. d6 a3 33. Rg3 Kh8 34. Nc4 Qa8 35.
Rg4 Qb7 36. Qg2 Rg8 37. Rg1 Nf8 38. e5 Qxg2+ 39. R1xg2 fxe5 40. Nxe5 g6 41. f6
h5 42. Nxg6+ Kh7 43. Nxf8+ Rxf8 44. Rg7+ Kh8 45. R7g5 1-0

[Event "Foxwoods Under 1400"]
[Site "Connecticut"]
[Date "2000.04.23"]
[Round "7"]
[White "Hacobian, Armen"]
[Black "Eberhardt, Erwin"]
[Result "1-0"]
[WhiteElo "1363"]
[BlackElo "1379"]
[PlyCount "53"]
[EventDate "2000.??.??"]

1. e4 e5 2. Nf3 Nc6 3. Bb5 Nd4 4. Nxd4 exd4 5. d3 Bb4+ 6. Bd2 Qe7 7. O-O Bxd2
8. Nxd2 c6 9. Bc4 d6 10. f4 Be6 11. Qf3 Bxc4 12. Nxc4 O-O-O 13. e5 d5 14. Nd6+
Kb8 15. b4 Nh6 16. b5 f6 17. bxc6 bxc6 18. Rab1+ Ka8 19. Rb7 Rd7 20. Rxd7 Qxd7
21. Qf2 c5 22. h3 Rf8 23. Qe2 fxe5 24. Qxe5 Qc6 25. Rb1 Ng8 26. Qxg7 Rd8 27.
Nb5 1-0

[Event "Foxwoods Open"]
[Site "Connecticut"]
[Date "2000.04.23"]
[Round "7"]
[White "Hoekstra, Matthew"]
[Black "Burnett, Ron"]
[Result "1-0"]
[WhiteElo "2247"]
[BlackElo "2450"]
[PlyCount "115"]
[EventDate "2000.??.??"]

1. e4 g6 2. d4 Bg7 3. Nc3 d6 4. g3 Nf6 5. Bg2 O-O 6. Nge2 Nc6 7. O-O e5 8. dxe5
dxe5 9. Bg5 Be6 10. Nd5 Bxd5 11. exd5 Ne7 12. c4 h6 13. Bxf6 Bxf6 14. b4 a5 15.
a3 Bg7 16. Qb3 e4 17. Rad1 axb4 18. axb4 Qe8 19. Bxe4 Nc6 20. dxc6 Qxe4 21.
cxb7 Qxb7 22. Nf4 Be5 23. Ng2 Bd6 24. Rb1 Rfb8 25. b5 Bc5 26. Nf4 Ra3 27. Qb2
Qf3 28. Nd5 Rd3 29. Qf6 Qg4 30. Qe5 Qxc4 31. Nf6+ Kf8 32. Rbc1 Bxf2+ 33. Kxf2
Qxb5 34. Qxb5 Rxb5 35. Kg1 c5 36. Ng4 f5 37. Ne5 Rd6 38. Rf2 Kg7 39. Kg2 h5 40.
Nf3 Kf6 41. h4 Rd3 42. Ra1 Rb6 43. Ra5 Rc3 44. Re2 f4 45. gxf4 Kf5 46. Ra4 Kg4
47. f5+ Kxf5 48. Re5+ Kf6 49. Rf4+ Kg7 50. Re7+ Kg8 51. Ref7 Rb8 52. Kf2 c4 53.
Kg3 Ra3 54. R4f6 c3 55. Rc7 Rf8 56. Rxg6+ Kh8 57. Ng5 c2+ 58. Kg2 1-0

[Event "Foxwoods Under 2000"]
[Site "Connecticut"]
[Date "2000.04.23"]
[Round "2"]
[White "Katz, Javier"]
[Black "Gisondi, Frank"]
[Result "0-1"]
[WhiteElo "1895"]
[BlackElo "1963"]
[PlyCount "56"]
[EventDate "2000.??.??"]

1. e4 c5 2. Nc3 Nc6 3. g3 g6 4. Bg2 Bg7 5. d3 e6 6. Be3 d6 7. Qd2 Nge7 8. Bh6
O-O 9. h4 Bxh6 10. Qxh6 f6 11. h5 g5 12. Nf3 Kh8 13. Nxg5 fxg5 14. Qxg5 Nd4 15.
O-O-O Nec6 16. Qe3 Bd7 17. f4 b5 18. Rdf1 b4 19. Nd1 Qa5 20. f5 Qxa2 21. f6 e5
22. Rf2 Qf7 23. Rh4 Rg8 24. Rf1 a5 25. Nf2 a4 26. Nh3 a3 27. bxa3 Qa2 28. Qd2
Qa1# 0-1